000 00766nam a2200241 4500
003 OSt
005 20150910131516.0
008 030408s1997 esp 000 0 spa d
020 _a968-880-304-9
040 _cBCRI
_aBCRI
082 _a658.15
100 1 _97841
_aVan Horne, James C.
245 1 0 _aAdministración financiera
_cJames C. Van Hornee
250 _a9ª ed
260 _aMéxico, D.F. [etc.]
_bPrentice Hall Hispano
_c1993
300 _a894 p.
_c25 cm
_bIndice atras
595 _aTraducción de: Fundamentals of financial management
650 2 4 _95713
_aEmpresas
_xFinanzas
700 1 _97842
_aWachowicz, John Martin
700 1 _910009
_aPelcastre Ortega, Gustavo
700 1 _926471
_aRamírez Ramírez, Elías
942 _2ddc
_cBK
_hprozim
999 _c22409
_d22409